| 000 | 00000nam##2200000za#4500 |
| 001 | 9.658392 |
| 003 | CaOODSP |
| 005 | 20200330132159 |
| 007 | ta |
| 008 | 150407|1996||||xxc||||| f|0| 0 fre|d |
| 020 | |a0-662-62319-3 |
| 040 | |aCaOODSP|bfre |
| 041 | |aeng |
| 041 | |afre |
| 043 | |an-cn--- |
| 086 | 1 |aH21-129/1996 |
| 110 | 1 |aCanada.|bSanté Canada. |bDirection de la planification stratégique et de l'évaluation. |
| 245 | 10|aLes S et T au service de la santé des Canadiens et des Canadiennes : |ble plan d'action du portefeuille fédéral de la Santé en matière de sciences et technologies / |cPublié par la Direction de la planification stratégique et de l'évaluation, Direction générale des politiques et de la consultations. |
| 260 | |aOttawa - Ontario : |bSanté Canada. |c1996. |
| 300 | |aTexte français, 43p. : |bgraphiques ; |c28 cm. |
| 546 | |aBilingue |
| 563 | |aCouverture souple |
| 590 | |a96-25|b1996-06-21 |
| 691 | 07|aPolitique en matière de santé|2gcpds |
| 691 | 07|aTechnologie|2gcpds |
| 776 | 0#|tLes S et T au service de la santé des Canadiens et des Canadiennes : |w(CaOODSP)9.640461 |
| 776 | 0#|tS & T at work for the health of Canadians : |w(CaOODSP)9.696344 |
| 791 | |tS & T at work for the health of Canadians : |eeng|w(CaOODSP)9.658391 |